Grounded (May Hollow Triology: Book One) (Record no. 12518)

MARC details
000 -LEADER
fixed length control field 00278nam a22000977a 4500
008 - FIXED-LENGTH DATA ELEMENTS--GENERAL INFORMATION
fixed length control field 231218b |||||||| |||| 00| 0 eng d
020 ## - INTERNATIONAL STANDARD BOOK NUMBER
International Standard Book Number 9781633935570
100 ## - MAIN ENTRY--PERSONAL NAME
Personal name Correll Angela
9 (RLIN) 7738
245 ## - TITLE STATEMENT
Title Grounded (May Hollow Triology: Book One)
260 ## - PUBLICATION, DISTRIBUTION, ETC. (IMPRINT)
Place of publication, distribution, etc. Virginia
Name of publisher, distributor, etc. Koehler Books
Date of publication, distribution, etc. 2013
Holdings
Withdrawn status Lost status Source of classification or shelving scheme Damaged status Koha normalized classification for sorting Not for loan Home library Current library Shelving location Date acquired Total Checkouts Full call number Barcode Date last seen Price effective from Koha item type
    Dewey Decimal Classification   COR_813_600000000000000   Good Samaritan School Library Good Samaritan School Library FICTION 12/18/2023   COR813.6 COR17796 12/18/2023 12/18/2023 BOOK

Powered by Koha